LDR 01420nam a2200313 i 4500 001 000000034082 003 CaOOAMICUS 005 20260603110749.0 008 101019s1991 xxu u000 u eng u 020 $a0-88344-761-4$cpb 020 $a0-88344-762-2$chb 040 $aSeMil$bita 100 1 $aGriffiths, Paul J.,$d<1955- >.$0(OLS)http://semarc/name/15541 245 13$aAn apology for apologetics :$ba study in the logic of interreligious dialogue /$cPaul J. Griffiths. 260 $aMaryknoll, New York :$bOrbis Books,$c1991. 300 $axii, 113 p. ;$c24 cm. 490 0 $aFaith meets faith 650 4$aReligioni - Relazioni.$0(OLS)http://semarc/subject/5587 650 4$aDialogo interreligioso.$0(OLS)http://semarc/subject/2257 650 4$aApologetica.$0(OLS)http://semarc/subject/703 830 0$aFaith meets faith.$0(OLS)http://semarc/title/26394 850 $aSeMil 852 $aSeMil$W1$xVenegono$y1$m2G VI 43$j272825$B237$CSeMilBibl$Z2$F237 $81 961 $aAcquisto: Centro Vendite Curia 996 $6020$a0-88344-761-4$cpb$9(OLS)http://semarc/number/1710 996 $6020$a0-88344-762-2$chb$9(OLS)http://semarc/number/1711 996 $6245$aAn apology for apologetics :$ba study in the logic of interreligious dialogue$9(OLS)http://semarc/title/45902 996 $6260$aMaryknoll, New York :$bOrbis Books$9(OLS)http://semarc/publisher/35261